The temple of the ruby of fire. (Record no. 110874)
[ view plain ]
| 000 -LEADER | |
|---|---|
| fixed length control field | 00353nam a2200133 a 4500 |
| 005 - DATE AND TIME OF LATEST TRANSACTION | |
| control field | 20140414131905.0 |
| 008 - FIXED-LENGTH DATA ELEMENTS--GENERAL INFORMATION | |
| fixed length control field | 100901s19uu xx 00 eng d |
| 050 ## - LIBRARY OF CONGRESS CALL NUMBER | |
| Classification number | FIC |
| Item number | St5 2004 |
| 100 ## - MAIN ENTRY--PERSONAL NAME | |
| Personal name | Stilton, Geronimo |
| 245 ## - TITLE STATEMENT | |
| Title | The temple of the ruby of fire. |
| 260 ## - PUBLICATION, DISTRIBUTION, ETC. (IMPRINT) | |
| Place of publication, distribution, etc | New York : |
| Name of publisher, distributor, etc | Scholastic, |
| Date of publication, distribution, etc | 2004. |
| 440 ## - SERIES STATEMENT/ADDED ENTRY--TITLE | |
| Title | Geronimo Stilton |
| Withdrawn status | Lost status | Damaged status | Home library | Current library | Shelving location | Date acquired | Total Checkouts | Full call number | Barcode | Date last seen | Price effective from | Koha item type |
|---|---|---|---|---|---|---|---|---|---|---|---|---|
| Munich Library | Munich Library | Fiction Section | 09/24/2010 | FIC St5 2004 | M1389 | 04/14/2014 | 04/14/2014 | Books |